| 000 | 00615ntaaa2200217 4500 | ||
|---|---|---|---|
| 003 | 01 | ||
| 005 | 20251027202243.0 | ||
| 008 | 0714s1973 ag 01 | ||
| 020 | _a0311114512 | ||
| 040 |
_aAR-BaBN _bspa _cAR-BaBN _eaacr _dRIC |
||
| 082 | _a268.4000 G58i | ||
| 100 |
_aGonzalez, Nelly de _92594 |
||
| 245 | _aIdeas practicas para maestros y otros obreros | ||
| 250 | _a1 ed. | ||
| 260 |
_aEl Paso : _bCasa Bautista de Publicaciones, _c1988 |
||
| 300 |
_a96 p ; _cilu. : 21 cm |
||
| 650 |
_aeducación cristiana _9405 |
||
| 650 |
_aeducación-metodos de enseñanza _9433 |
||
| 700 |
_aOtros, _913169 |
||
| 942 | _cBK | ||
| 999 |
_c17316 _d17316 |
||